| 000 | 00585nam a2200241 a 4500 | ||
|---|---|---|---|
| 001 | nice12345678 | ||
| 003 | IN_TiNIC | ||
| 005 | 20260116011418.0 | ||
| 008 | 050524s1959 chia grp 000 0 eng | ||
| 020 |
_a _c100 |
||
| 082 | 0 | 0 |
_a291 _bGAR |
| 100 | _aGarbe, Richard | ||
| 245 | _aIndia and Christendom. | ||
| 260 |
_aChicago, London _bOpen Court Publishing Co. _c1959 |
||
| 300 | _a109p | ||
| 500 | _aincludes index and biblioraphy | ||
| 505 | 2 | _aIndex | |
| 650 | _aComparative Religion | ||
| 700 | 1 | _aGarbe, Richard | |
| 902 | _bSRS | ||
| 942 | _cBK | ||
| 999 |
_c1302 _d1302 |
||